| 000 | 01147nam a2200289Ia 4500 | ||
|---|---|---|---|
| 999 |
_c54252 _d54252 |
||
| 001 | 21308 | ||
| 003 | GE_BSU | ||
| 005 | 20211021161419.0 | ||
| 008 | 181216s2017||||ru |||||||||||||| ||rus|| | ||
| 020 | _aISBN:978-5-7567-0860-8 | ||
| 040 | _cGE_BSU | ||
| 041 | _arus | ||
| 080 | _a327 Х-95 | ||
| 100 |
_aХрусталев, М. А. _912709 |
||
| 245 |
_aАнализ международных ситуаций и политическая экспертиза / _cМ. А. Хрусталев ; Научн. ред. А. А.Байков, И. А.Истомин. |
||
| 250 | _a2-е изд-е | ||
| 264 |
_aМосква : _bАспект-Пресс, _c2017. |
||
| 300 |
_a224 стр. ; _c21 см. |
||
| 541 | _h42 Л. | ||
| 653 | _aАнализ международных ситуаций и политическая экспертиза | ||
| 653 | _aПолитика | ||
| 653 | _aპოლიტიკა | ||
| 700 |
_aБайков, А. А. _eРедактор _912710 |
||
| 700 |
_aИстомин, И.А. _eРедактор _912711 |
||
| 710 |
_aМосковский гос. ин-т междунар. отнош. _912464 |
||
| 942 |
_cBK _2udc |
||